[Event "SRB-chT2 South"]
[Site "Nis"]
[Date "2013.10.18"]
[Round "2.3"]
[White "Tosic, Slobodan P"]
[Black "Marjanovic, Zvezdan"]
[Result "1-0"]
[WhiteElo "2218"]
[BlackElo "2070"]
[PlyCount "85"]
[EventDate "2013.10.17"]
[EventType "team-swiss"]
[EventRounds "8"]
[EventCountry "SRB"]
[SourceTitle "EXT 2014"]
[Source "ChessBase"]
[SourceDate "2013.11.20"]
[SourceVersion "1"]
[SourceVersionDate "2013.11.20"]
[SourceQuality "1"]

1. d4 d5 2. c4 c6 3. Nc3 e6 4. Nf3 Be7 5. Bf4 Nf6 6. e3 Nbd7 7. Bd3 0-0 8. 0-0 Nh5 9. Be5 Nxe5 10. Nxe5 Nf6 11. Qe2 Nd7 12. f4 f6 13. Qh5 f5 14. a3 Nxe5 15. fxe5 Bd7 16. Qe2 Bg5 17. Qd2 Bh6 18. Rad1 Qg5 19. Rf3 Be8 20. Rg3 Qe7 21. Ne2 Kh8 22. Rh3 Rg8 23. cxd5 cxd5 24. Rf1 Qf8 25. Qb4 Qxb4 26. axb4 Bd7 27. Nf4 Bxf4 28. exf4 Rgc8 29. Kf2 Ba4 30. g4 g6 31. gxf5 gxf5 32. Rh6 Bc2 33. Bb5 Be4 34. Re1 Rc2+ 35. Re2 Rxe2+ 36. Kxe2 Rc8 37. Rxe6 Rc2+ 38. Ke3 Rxb2 39. Re8+ Kg7 40. Re7+ Kh6 41. Rxb7 Rxb4 42. e6 Rb3+ 43. Kd2 1-0

[Event "SRB-chT2 South CS"]
[Site "Nis"]
[Date "2012.09.21"]
[Round "1.2"]
[White "Jovic, Mirko"]
[Black "Tosic, Slobodan P"]
[Result "1/2-1/2"]
[WhiteElo "2223"]
[BlackElo "2193"]
[PlyCount "26"]
[EventDate "2012.09.21"]
[EventType "team-tourn"]
[EventRounds "10"]
[EventCountry "SRB"]
[SourceTitle "EXT 2019"]
[Source "ChessBase"]
[SourceDate "2018.10.10"]
[SourceVersion "1"]
[SourceVersionDate "2018.10.10"]
[SourceQuality "1"]

1. e4 e5 2. Nf3 Nc6 3. Bc4 Bc5 4. 0-0 d6 5. h3 Be6 6. Bxe6 fxe6 7. c3 Bb6 8. d4 Nf6 9. Re1 Qe7 10. Na3 exd4 11. cxd4 e5 12. d5 Nd4 13. Nxd4 Bxd4 1/2-1/2